| 000 | nam a22 a 4500 | ||
|---|---|---|---|
| 999 |
_c2898 _d2898 |
||
| 005 | 20170518151006.0 | ||
| 008 | 170518s2005 be ||||| |||| 00| 0 eng d | ||
| 040 | _aAKMAL | ||
| 082 | _a382 WCO | ||
| 090 |
_a382 _bWCO |
||
| 245 | 1 | 0 |
_a(Customs Compendium) WCO Unique Consignment Reference UCR) / _cWorld Customs Organization. |
| 260 |
_aBrussels. _bWorld Customs Organization, _c2005. |
||
| 300 |
_a55pages; _c29cm |
||
| 500 | _aVolume 5 D/2004/0448/32 | ||
| 599 | _aDALAM PROSES | ||
| 650 | 1 | 0 |
_aCustoms Administration _xLaw and legislation _96000 |
| 710 | 1 |
_aWorld Customs Organization. _95917 |
|
| 942 |
_2ddc _cBOOK |
||
| 950 | _lAKMAL | ||